[Event "BCF-ch Weekend Atkins"]
[Site "North Shields"]
[Date "2012.07.28"]
[Round "3.28"]
[White "Whitehead, Mark A"]
[Black "Stewardson, David"]
[Result "1-0"]
[WhiteElo "2080"]
[BlackElo "1632"]
[PlyCount "79"]
[EventDate "2012.07.27"]
[EventType "swiss"]
[EventRounds "5"]
[EventCountry "ENG"]
[SourceTitle "EXT 2023"]
[Source "ChessBase"]
[SourceDate "2022.10.05"]
[SourceVersion "1"]
[SourceVersionDate "2022.10.05"]
[SourceQuality "1"]

1. e4 c5 2. Nc3 e6 3. g3 Nc6 4. Bg2 Nf6 5. d3 d6 6. Nge2 Be7 7. 0-0 0-0 8. f4 a6 9. a4 Qc7 10. h3 Nd4 11. Be3 Nxe2+ 12. Qxe2 Bd7 13. g4 Bc6 14. g5 Nd7 15. Nd5 exd5 16. exd5 Rfe8 17. dxc6 bxc6 18. Qf3 Rac8 19. Rae1 Bf8 20. Bf2 Nb8 21. h4 Qd8 22. Rxe8 Qxe8 23. Re1 Qd8 24. f5 f6 25. g6 h6 26. Qe2 Qd7 27. Qe6+ Qxe6 28. Rxe6 d5 29. c4 dxc4 30. dxc4 Nd7 31. Bxc6 Re8 32. Bd5 Kh8 33. Rxa6 Ne5 34. a5 Nd3 35. Rb6 Nxf2 36. Kxf2 Bd6 37. a6 Bb8 38. Rb7 h5 39. a7 Be5 40. Rd7 1-0